Statistics for The Tolls of New Jersey

Click here to take the quiz!

General Stats

  • This quiz has been taken 73 times
  • The average score is 12 of 25

Answer Stats

HintAnswer% Correct
To New YorkGeorge Washington Bridge
98%
To New YorkHolland Tunnel
84%
To New YorkLincoln Tunnel
84%
InternalGarden State Parkway
78%
To DelawareDelaware Memorial Bridge
74%
InternalNew Jersey Turnpike
72%
To New YorkOuterbridge Crossing
69%
To New YorkGoethals Bridge
67%
To PennsylvaniaBen Franklin Bridge
62%
To PennsylvaniaWalt Whitman Bridge
53%
To New YorkBayonne Bridge
43%
To PennsylvaniaDelaware Water Gap Bridge
43%
InternalAtlantic City Expressway
41%
To PennsylvaniaBetsy Ross Bridge
41%
To PennsylvaniaTrenton-Morrisville Bridge
40%
To PennsylvaniaDelaware River-Turnpike Bridge
33%
To PennsylvaniaTacony-Palmyra Bridge
33%
To PennsylvaniaI-78 Bridge
31%
To PennsylvaniaNew Hope-Lambertville Toll Bridge
31%
To PennsylvaniaCommodore John Barry Bridge
26%
To PennsylvaniaEaston-Phillipsburg Bridge
26%
To PennsylvaniaBurlington-Bristol Bridge
24%
To PennsylvaniaDingman's Ferry Bridge
21%
To PennsylvaniaMilford-Montague Bridge
17%
To PennsylvaniaPortland-Columbia Bridge
16%

Score Distribution

Percentile by Number Answered

Percent of People with Each Score

Your Score History

You have not taken this quiz